[Event "GER Cup Amateur GrC 1st"]
[Site "Voelklingen"]
[Date "2000.10.13"]
[Round "8"]
[White "Schackmann, Ralf"]
[Black "Schreiber, Winfried"]
[Result "1-0"]
[WhiteElo "1000"]
[BlackElo "1452"]
[PlyCount "53"]
[EventDate "2000.10.??"]
[EventType "swiss"]
[EventRounds "9"]
[EventCountry "GER"]
[SourceTitle "EXT 2004"]
[Source "ChessBase"]
[SourceDate "2003.11.25"]
[SourceVersion "1"]
[SourceVersionDate "2003.11.25"]
[SourceQuality "1"]

1. e4 c5 2. Nf3 Nc6 3. Nc3 e6 4. Bc4 a6 5. b3 b5 6. Bd3 d6 7. Bb2 Nf6 8. h3 Bb7 9. a3 Be7 10. Qe2 Qc7 11. Nd1 e5 12. c4 b4 13. axb4 Nxb4 14. Nc3 Bc6 15. Bb1 0-0 16. d3 Qb7 17. Qd1 Ne8 18. Na2 f5 19. Nc3 Nc7 20. Qd2 Ne6 21. Nd5 fxe4 22. dxe4 Nd4 23. Nxd4 Nxd5 24. exd5 cxd4 25. dxc6 Qxb3 26. c5 dxc5 27. Ba2 1-0